| 000 | 00603nam a2200217Ia 4500 | ||
|---|---|---|---|
| 001 | 8717 | ||
| 008 | 170206s1981 ii a g b000 u 465 u | ||
| 020 | _a0-471-09722-5 | ||
| 082 | _a370.15 | ||
| 100 |
_aWhite, Robert W., _eAuthor. |
||
| 245 | 0 |
_aThe Abnormal Personality / _cRobert W. White, N.F. Watt. _hTextual Documents |
|
| 250 | _a5th ed. / | ||
| 260 |
_aNew York : _bJohn Wiley & Sons , _c1981. |
||
| 300 |
_axiii, 793p. : _bill. ; _c24cm . |
||
| 504 | _aIndex | ||
| 653 | _aEducation | ||
| 653 | _aAbnormal Personality | ||
| 653 | _aG-Education | ||
| 700 | _aWatt, N.F. . | ||
| 942 |
_2ddc _cBK |
||
| 999 |
_c8704 _d8704 |
||